• 首页
  • 本馆介绍
  • 公告通知
  • 最新文献
  • 馆藏检索
  • 电子资源
  • 读者导购
  • 参考咨询
  • 我的图书馆
  • 登录
  • 详细信息显示
  • 放入我的书架
  • 预约/预借图书
  • 作者相关作品
  • 分类相关作品
  • 丛书相关作品
  • 出版社相关作品

书目信息

  • 表格格式
  • 工作单格式
  • 卡片格式
题名:
闪闪的红星
    
 
作者: ;北京外国语学院俄语系读物组 编
分册:  
出版信息:    
页数: 201页
开本: 20cm
丛书名:
单 册:
中图分类: H359.4
科图分类:
主题词: 俄语
电子资源:
ISBN:
000 00569nam0 2200193 45
001 0405101754
005 20040510175227.2
010    @dCNY0.45
100    @a20040510d km y0chiy0120 ea
101 0  @achi
105    @a z 000yy
200 1  @a闪闪的红星@AShan Shan De Hong Xing@f北京外国语学院俄语系读物组编@FBei Jing Wai Guo Yu Xue Yuan E Yu Xi Du Wu Zu Bian
215    @a201页@d20cm
300    @a俄语课外读物
606 0  @a俄语
690    @aH359.4@v3
711 02 @a北京外国语学院俄语系读物组@4编
801    @aCN@bPftUser@c20040510
905    @f2@b47856-857@dH359.4@e107
    
    闪闪的红星/北京外国语学院俄语系读物组编
    201页;20cm
    俄语课外读物
    
    ISBN :CNY0.45
    
●
相关链接 在E读中查询图书 在五车中查询图书 在当当中查询图书 在豆瓣中查询图书


正题名:闪闪的红星     索取号:H359.4/107         预约/预借

序号 登录号 条形码 馆藏地/架位号 状态 备注
1 0047856   001061987   第四借阅区/ [索取号:H359.4/107] 在馆    
2 0047857   001061996   第四借阅区/ [索取号:H359.4/107] 在馆    
唐山师范学院图书馆 欢迎您!
大连网信软件有限公司© 版权所有